| 000 | 00327nam a22001217a 4500 | ||
|---|---|---|---|
| 999 |
_c8566 _d8566 |
||
| 008 | 200317b ||||| |||| 00| 0 eng d | ||
| 100 | _aMithal, B. M. | ||
| 245 | _aText Book of Forensic Pharmacy | ||
| 250 |
_a21th _b2019 |
||
| 260 |
_aNew Delhi _bVallabh Prakashan |
||
| 650 | _aPharmaceutical Jurisprudence | ||
| 942 |
_2ddc _cBK _04 |
||